| 000 -LEADER |
| fixed length control field |
00711nam a22001457a 4500 |
| 008 - FIXED-LENGTH DATA ELEMENTS--GENERAL INFORMATION |
| fixed length control field |
240819b ||||| |||| 00| 0 eng d |
| 100 ## - MAIN ENTRY--PERSONAL NAME |
| Personal name |
Kumar, V., Vati, K. and Chaudhary, A. |
| 245 ## - TITLE STATEMENT |
| Title |
Cyberspace vis-avis cyersecurity in Indian through the lens of law and policy |
| 260 ## - PUBLICATION, DISTRIBUTION, ETC. (IMPRINT) |
| Place of publication, distribution, etc |
Productivity |
| 300 ## - PHYSICAL DESCRIPTION |
| Extent |
65(1), Apr-Jun, 2024: p.11-20 |
| 520 ## - SUMMARY, ETC. |
| Summary, etc |
Technology, roughly speaking, is a process or method involving use of machines in general which when applied increases the frequency, efficiency or speed of performing some act; such application resulting in a market improvement in the state of affairs. – Reproduced |
| 773 ## - HOST ITEM ENTRY |
| Main entry heading |
Productivity |
| 906 ## - LOCAL DATA ELEMENT F, LDF (RLIN) |
| Subject DIP |
CYBER SECURITY |
| 942 ## - ADDED ENTRY ELEMENTS (KOHA) |
| Item type |
Articles |